| 000 | 01003nam a22003257a 4500 | ||
|---|---|---|---|
| 003 | CHAP | ||
| 005 | 20220329135407.0 | ||
| 008 | 971013s1971 r 00010 d | ||
| 010 | _a35630 | ||
| 011 | _a36602 | ||
| 035 | _a40721 | ||
| 040 | _cCHAP | ||
| 082 |
_a575.131 _bO7 |
||
| 110 |
_aOrganismo Internacional de Energía Atómica _983512 |
||
| 245 | _aNeutrons in radiation biology and therapy | ||
| 260 |
_aVienna : _bOIEA, _c1971 |
||
| 300 | _a871 p. | ||
| 490 |
_aBibliographical series _v; 40 |
||
| 590 |
_aBATCH-UPD _b10 _c20130110 _lUCH01 _h0253 |
||
| 590 |
_aBATCH-UPD _b10 _c20130110 _lUCH01 _h2154 |
||
| 590 |
_aBATCH-UPD _b10 _c20130409 _lUCH01 _h2323 |
||
| 590 |
_aBATCH-UPD _b10 _c20130914 _lUCH01 _h0617 |
||
| 590 |
_aCONVERSION _b10 _c20130109 _lUCH01 _h1320 |
||
| 650 | 1 | 4 |
_aNeutrones. _980954 |
| 650 | 1 | 4 |
_aRadiobiología. _993697 |
| 830 | 0 |
_aBibliographical series _v; 40 _912216 |
|
| 901 | _aBK | ||
| 942 | _cLIBRO | ||
| 949 |
_a575.131 O7 _bBC _cC _d33724000517223 _eC _h16885 _i40721 _si |
||
| 999 |
_c35630 _d35630 |
||